| 000 | 00668nam a2200205 i 4500 | ||
|---|---|---|---|
| 001 | 33066 | ||
| 003 | ES-MaACL | ||
| 005 | 20250920063035.0 | ||
| 007 | t| | ||
| 008 | 030201m19241925fr ||||1| fre d | ||
| 100 | 1 |
_aBérard, Victor, _d1864-1931 _927825 |
|
| 245 | 1 | 0 |
_aIntroduction a l'Odyssée / _cpar Victor Berard. |
| 260 |
_aParis : _bSocieté d'Edition "Les Belles Lettres", _c1924-1925 ( _fVaugirard) |
||
| 300 |
_a3 v. ; _c20 cm. |
||
| 490 | 1 | _aCollection des Universités de France | |
| 600 | 0 | 4 |
_aHomero. _tLa Odisea. _964114 |
| 830 | 0 |
_aCollection des Universités de France _9180876 |
|
| 852 |
_aES-MaACL _jC-7834-36 |
||
| 999 |
_c33066 _d33066 |
||